[Event "EU-Cup 18th"]
[Site "Kallithea"]
[Date "2002.09.28"]
[Round "7.1"]
[White "Azmaiparashvili, Zurab"]
[Black "Portisch, Lajos"]
[Result "1-0"]
[WhiteElo "2676"]
[BlackElo "2599"]
[Annotator "Tsesarsky,I"]
[PlyCount "63"]
[EventDate "2002.09.22"]
[EventType "team-swiss"]
[EventRounds "7"]
[EventCountry "GRE"]
[SourceTitle "CBM 092"]
[Source "ChessBase"]
[SourceDate "2003.02.06"]
[SourceVersion "1"]
[SourceVersionDate "2003.02.06"]
[SourceQuality "1"]
[WhiteTeam "Kiseljak"]
[BlackTeam "Zalaegerszeg"]
[WhiteTeamCountry "BIH"]
[BlackTeamCountry "HUN"]

1. c4 e6 2. Nc3 d5 3. d4 Be7 4. Nf3 Nf6 5. Bg5 O-O 6. Qc2 c5 7. dxc5 dxc4 ({
Another mainline is} 7... Qa5) 8. e4 (8. e3 Qa5 9. Bxc4 Qxc5 10. Bd3 Nbd7 (
10... h6 11. Bh4 Nc6 12. a3 Bd7 13. Rd1 {1/2-1/2 Kostic,V-Kelecevic,N/
Liechtenstein 1988/EXT 97 (13)}) 11. a3 h6 12. b4 Qc7 13. Bh4 a5 14. Nd5 Nxd5
15. Qxc7 Bxb4+ 16. axb4 Nxc7 17. Be7 (17. Rxa5 Rxa5 18. bxa5 b6 19. axb6 Nxb6
$11) 17... Re8 18. Bd6 axb4 19. Rxa8 Nxa8 20. Bb5 Rd8 21. Be7 Re8 22. Bd6 Rd8 {
1/2-1/2 Tukmakov,V-Tal,M/Jurmala 1985/MCD (22)}) 8... Nfd7 (8... Nc6 9. Bxc4 (
9. Rd1 Qa5 10. Bxc4 Qxc5 11. Qe2 Ng4 12. Bxe7 Nxe7 13. O-O Ng6 14. Bb3 $14 {
1/2-1/2 Cramling,P-Hansen,S/Reykjavik 1995/CBM 47 (42)}) 9... Qa5 (9... Nd4 10.
Qd3 Nxf3+ 11. Qxf3 Qd4 12. Bb3 Qxc5 13. Be3 Qa5 14. O-O Bd7 15. Bd2 Bc6 16. Nd5
Qd8 17. Nxe7+ Qxe7 18. Bc2 $14 {1-0 Popov,V-Kruppa,Y/St Petersburg 1998/EXT 99
(48)}) 10. e5 Nd5 11. Bxe7 Ncxe7 12. O-O Nxc3 13. bxc3 Qxc5 14. Qe4 Bd7 15.
Qxb7 Bc6 16. Qb4 Qxb4 17. cxb4 Bxf3 18. gxf3 Nc6 19. b5 Nxe5 20. Be2 g5 $132 {
1-0 Bukal,V-Rhodin,B/Balatonbereny 1985/MCL (41)}) ({Badly is} 8... h6 $2 9.
Bxf6 $1 (9. Bf4 Bxc5 10. Bxc4 Nc6 11. O-O Nh5 12. Rad1 Qf6 13. Bc1 Nf4 14. e5
Nxe5 15. Nxe5 Qxe5 16. Rfe1 Qb8 17. Qe4 Ng6 18. Rd3 $44 {1/2-1/2 Welin,
T-Hartman,C/Stockholm 1987/EXT 97 (22)}) 9... Bxf6 10. e5 Be7 11. Bxc4 Nd7 (
11... Bxc5 12. O-O Nc6 13. Rad1 $14 {[%csl Rc8]}) 12. c6 $1 (12. O-O Qa5 13. a3
Qxc5 14. Qe4 Rd8 15. Rac1 Qa5 16. Rfd1 a6 17. Qf4 Rb8 (17... b5 18. Nd5 Bf8 19.
Ba2 Bb7 20. Nc7 $16 {[%csl Re6][%cal Gc7e6,Ga2f7] 1/2-1/2 Pisulinski,
J-Jaworski,M/Lubniewice 1995/EXT 97 (39)}) 18. Bd3 Nc5 19. Be4 Rxd1+ 20. Rxd1
b5 21. Nd4 Nxe4 22. Nxe4 Qa4 23. Rc1 Bb7 24. Nd6 Bxd6 25. exd6 Rc8 26. Rxc8+
Bxc8 27. h3 Qd1+ 28. Kh2 Bd7 $11) 12... bxc6 13. O-O $14) (8... Qa5 $2 9. e5 $1
({Strong is also} 9. Bxc4 Qxc5 10. Qe2 Nc6 11. O-O Rd8 12. Rad1 Bd7 13. e5 $16
Ne8 14. Ne4 Qa5 15. Bxe7 Nxe7 16. Nfg5 {[%csl Rf7,Rh7][%cal Ge2h5]} Qxe5 17.
Nxf7 Kxf7 18. Rxd7 $1 $18 {1-0 Ibragimov,I-Arlandi,E/Geneve 1999/CBM 68 ext 
(20)}) 9... Nd5 10. Bxc4 Nxc3 (10... Bxc5 11. Bxd5 exd5 12. O-O Be6 13. a3 {
[%cal Gb2b4]} Qc7 14. Rfd1 {[%csl Rd5]} Bb6 15. Qd2 Nc6 16. Nxd5 $16 {1-0
Popov,V-Chehlov,A/St Petersburg 1998/EXT 99 (58)}) 11. O-O Qxc5 12. Qxc3 Nc6
13. Bxe7 Qxe7 14. a3 Bd7 15. Rac1 $14 {-see comments to the game  1/2-1/2
Kasparov,G-Karpov,A/Sevilla 1987/MainBase (37)}) 9. Bf4 Nc6 (9... Bxc5 10. Bxc4
Nc6 11. Rd1 a6 12. e5 Be7 13. O-O Qc7 {[%cal Gb7b5]} (13... Nb4 $2 14. Qe4 Rb8
15. a3 b5 16. Bb3 Bb7 17. Qd4 Nc5 18. Qxb4 $18 {1-0 Srokowski,J-Arlt,K/GER
1994/EXT 2001 (40)}) 14. Bd3 h6 15. Rfe1 Nc5 16. Bf1 b5 17. a3 Bb7 (17... b4
18. Ne4 Nxe4 19. Qxe4 $16 {[%csl Rg8][%cal Gf1d3]}) 18. b4 Nd7 19. Ne4 $14 {
[%cal Ge4d6]}) 10. Bxc4 Nxc5 {In the next game Black tried to play} (10... Bxc5
11. O-O-O Qe7 $5 (11... e5 $2 12. Nxe5 Ncxe5 13. Bxe5 Qg5+ 14. f4 Be3+ 15. Kb1
Bxf4 16. Bxf4 Qxf4 17. Rhf1 Qe5 18. Qb3 {[%csl Rf7][%cal Gf1f7,Gb3f7]} Qe7 19.
Nd5 Qe5 $16 (19... Qxe4+ $2 20. Bd3 Qh4 21. Rf4 Qg5 22. Qb4 $16 g6 (22... f6
23. Rh4 {[%csl Rh7]} f5 24. Nc7 $18 {[%csl Ra8,Rf8,Rg5][%cal Gc7e6]}) (22...
Kh8 23. Nc7 a5 24. Qe4 f5 25. Qd4 $18 {[%csl Ra8,Rf8,Rg5][%cal Gc7e6]}) 23. Bb5
Nb6 24. Nf6+ (24. Ne7+ $2 {1-0 Brueckner,T-Koerholz,L/Wittlich 1985/GER (52)})
24... Kg7 25. Qxf8+ Kxf8 26. Nxh7+ $18)) (11... Qf6 12. Bg5 Qg6 13. h4 h6 14.
h5 Qh7 15. Bf4 $14 {[%csl Rh7]}) 12. Na4 $5 $14 {[%csl Rc5]}) 11. Rd1 Qa5 12.
a3 {[%cal Gb2b4]} ({Worth of attention} 12. O-O $5 $14) 12... Nd7 13. O-O {
[%csl Ra8,Rc8] White has development advantage and need to create threats
before Black develop his pieces of the queenside.} Nde5 (13... a6 14. Be2 $14)
14. Nxe5 Nxe5 15. Be2 Ng6 16. Bg3 {[%csl Rc8]} a6 17. Kh1 $1 {[%csl Rg8][%cal
Gf2f4,Gf4f5] Right plan. Pf2-f4-f5 promotion should be effective in the king
Attack.} ({Less effective was} 17. Rd3 {[%cal Gf1d1]}) 17... b5 18. f4 {
[%cal Gf4f5]} Re8 ({Badly is} 18... Bb7 19. f5 exf5 20. exf5 Nh4 21. Nd5 Bxd5
22. Rxd5 Bf6 23. Rd6 {[%csl Rf6,Rh4][%cal Gd6f6]} (23. Rf4 {[%csl Rh4][%cal
Gg3h4,Gf4h4]} Rfd8 24. Qd1 Rxd5 25. Qxd5 Rd8 26. Qe4 Qd2 27. Bf1 Qd1 $132)
23... Rac8 24. Qe4 $18 {[%csl Rh4]}) 19. f5 Nf8 20. Bh5 ({Worse is} 20. f6 $6 {
in view of} gxf6 $1 ({After} 20... Bxf6 $6 {White could win an exchange for P
by force:} 21. e5 Be7 22. Bf3 Ra7 (22... Rb8 23. Bc6 Rd8 24. Qf2 $18) 23. Bc6
Bd7 24. Qf2 {[%csl Ra7,Rf7]} Bxc6 25. Qxa7 $16) 21. e5 f5 22. Bf3 Rb8 23. Ne2
$14 {[%cal Ge2d4,Gd4c6]}) 20... Rd8 $2 $18 ({White leaves with serious
advantage in case of} 20... b4 21. axb4 Qxb4 22. e5 $1 ({Not} 22. Bxf7+ $2 Kxf7
23. fxe6+ Kg8 24. Nd5 Qb7) ({or} 22. fxe6 $6 Bxe6 23. Nd5 Bxd5 24. exd5 Bf6)
22... exf5 (22... g6 23. f6 Bc5 24. Bf3 Ra7 25. Ne4 Rc7 26. Qc1 {[%csl Rg8]
[%cal Gc1h6]} Nd7 27. Bf2 {[%csl Rc5][%cal Gc1c7]} Bd6 28. Nxd6 Rxc1 29. Rxc1
Nxe5 30. Nxe8 Bd7 31. Bc5 $18) 23. Nd5 Qc5 24. Qxc5 Bxc5 25. b4 Be7 26. Nc7 $16
) ({More stubborn was} 20... Qb6 $1 21. Bxf7+ $1 {Neverthelless...} (21. Qb3 $6
{[%csl Rf7][%cal Gb3f7,Gh5f7]} g6 $1 (21... Rd8 $2 22. Bxf7+ Kxf7 23. fxe6+ $18
{[%cal Gc3d5]}) 22. fxg6 (22. f6 Bc5 23. Bf3 Bb7 24. e5 Bxf3 25. Rxf3 Red8 26.
Rfd3 Rxd3 27. Rxd3 Rd8 28. Ne4 $14) 22... Nxg6 23. Bf2 Bc5 24. Na4 bxa4 25.
Qxb6 Bxb6 26. Bxb6 e5 $14) 21... Kxf7 22. fxe6+ Kg8 23. Nd5 Qb7 24. Nxe7+ Qxe7
25. Bd6 Qxe6 26. Rxf8+ (26. Bxf8 Qxe4 27. Qxe4 Rxe4 28. Rd8 Bb7 $11) 26... Rxf8
27. Bxf8 Qc4 (27... Bb7 28. Qc7 Rxf8 29. Qxb7 Qf6 {[%csl Rb2,Rf1]} 30. Qd5+ Kh8
31. Qc5 $16) 28. Qxc4+ bxc4 29. Bb4 $16) 21. Bxf7+ $1 {Decisive sacrifice.}
Kxf7 22. fxe6+ Kg8 (22... Ke8 23. Nd5 $18) 23. Nd5 {[%csl Re7]} Re8 (23... Rxd5
24. exd5 $18 {[%cal Gd5d8,Ge6e8]}) (23... Bxe6 24. Bc7 $18) 24. Bc7 (24. Qc6
Bxe6 25. Nxe7+ $18) 24... Qa4 25. Nxe7+ Kh8 ({Or} 25... Rxe7 26. Rxf8+ Kxf8 27.
Rd8+ Re8 28. Qf2+ $18) 26. b3 Qxa3 27. Bd6 Qa5 28. Nc6 Qb6 29. Rxf8+ Rxf8 30.
Bxf8 Bxe6 31. Bxg7+ Kxg7 32. Qc3+ 1-0

[Event "Dortmund SuperGM 25th"]
[Site "Dortmund"]
[Date "1997.07.05"]
[Round "2"]
[White "Ivanchuk, Vassily"]
[Black "Gelfand, Boris"]
[Result "1-0"]
[WhiteElo "2725"]
[BlackElo "2695"]
[Annotator "Tsesarsky,I"]
[PlyCount "97"]
[EventDate "1997.07.04"]
[EventType "tourn"]
[EventRounds "9"]
[EventCountry "GER"]
[EventCategory "18"]
[SourceTitle "CBM 060"]
[Source "ChessBase"]
[SourceDate "1997.09.29"]
[SourceVersion "1"]
[SourceVersionDate "1997.09.29"]
[SourceQuality "1"]

1. d4 {Kortschnoj Ivanchuk} Nf6 2. c4 e6 3. Nf3 d5 4. Nc3 Be7 5. Bg5 h6 6. Bh4
O-O 7. Rc1 dxc4 8. e3 c5 9. Bxc4 cxd4 (9... Nc6 10. dxc5 Qxd1+ 11. Rxd1 Bxc5
12. O-O $14) 10. Nxd4 Bd7 (10... Nd5 11. Bxe7 Nxe7 12. O-O Nbc6 13. Ndb5 Qa5
14. a3 Ne5 (14... Rd8 15. Qh5 $14) 15. Be2 a6 16. b4 Qd8 17. Nd6 $14 {1-0
Rivas Pastor,M-Donner,J/Marbella zt B 1982 (31)}) (10... a6 11. O-O b5 (11...
e5 12. Nf3 Qxd1 13. Rfxd1 Nc6 14. h3 $14 {1-0 Stean,M-Burger,K/Beer Sheva 1982
(19)}) 12. Be2 Bb7 13. Bf3 $1 $14 {1-0 Uhlmann,W-Lputian,S/Berlin 1982 (34)})
11. Bg3 (11. Be2 Nc6 12. Nb3 Nd5 13. Bxe7 Ncxe7 14. Nxd5 Nxd5 15. Qd4 Bc6 16.
Bf3 Ne7 $11 {1/2-1/2 Kortschnoj,V-Karpov,A/Wch30-Merano 1981 (23)}) 11... a6 {
11...Sc6 12.Sdb5 a6 13.Sd6 b5 14.Ld3+/=} (11... Nc6 $1 12. Nb3 (12. Ndb5 {
Kortschnoj} a6 13. Nd6 b5 14. Bd3 $14 (14. Be2 Qb6 $1 $11 {1/2-1/2 Piket,J-Van
der Sterren,P/Lost Boys Crown, Antwerp BEL 1997 (55)})) 12... Na5 13. Be2 Rc8
14. O-O Nc4 15. Qc2 b5 16. Rfd1 b4 17. Nb5 $4 (17. Nb1 Nd6 $11) 17... Nd6 $4 (
17... Nxe3 18. Qxc8 Qxc8 19. Rxc8 Nxd1 $1 $17) 18. Qb1 $14 {1/2-1/2 Ornstein,
A-Schussler,H/SVE-ch Malmo 1986 (30)}) 12. e4 (12. O-O Nc6 13. Nb3 b5 14. Be2
Qb6 15. a4 b4 16. Ne4 Rfd8 17. a5 Qa7 18. Bf3 Be8 $11 {1/2-1/2 Sorin,
A-Glimbrant,T/Ibercaja op 1992 (46)}) 12... Nc6 13. Nb3 (13. O-O Nxd4 14. Qxd4
Bc6 $10) 13... b5 (13... Qb6 14. e5 Nh7 15. O-O Rfd8 16. Qe2 Be8 17. Kh1 Nd4
18. Nxd4 Rxd4 19. f3 Qd8 20. Rcd1 Bc6 21. Bd3 {Karpov,A-Beliavsky,A/Dortmund
1995/CBM 48/1-0 (60)}) 14. Bd3 {+/= Kortschnoj} (14. Be2 {Ivanchuk} b4 $6 (
14... e5 $1 15. Bf3 Be6 16. Nd5 Nb4 $5 17. Bxe5 Nbxd5 18. exd5 Bb4+ 19. Kf1
Bxd5 20. Bxd5 (20. Bxf6 Bc4+ $1 21. Kg1 Qxf6 22. Bxa8 Rxa8 $44) 20... Nxd5 21.
Qd4 f6) 15. Nd5 $1 (15. e5 Nxe5 16. Bxe5 bxc3 $11) 15... Nxe4 (15... exd5 16.
exd5 $16) 16. Bc7 $1 $16) 14... b4 (14... Qb6 15. e5 Nd5 16. Nxd5 exd5 17. O-O
$14) (14... e5 $5 15. O-O (15. Nd5 Nxd5 (15... Nb4 $1 {Ivanchuk} 16. Nxe7+ $6 (
16. Nxf6+ $11) 16... Qxe7 17. a3 Nxd3+ 18. Qxd3 b4 $1 {/\ Bd7-b5}) 16. exd5 Nb4
$15) 15... Be6 $11 (15... Be6 16. Bh4 (16. Nxb5 $2 Nb4 $1) 16... Rc8 $11)) (
14... Be8 $5 {Ivanchuk}) 15. Na4 (15. Ne2 {Kortschnoj} Nh5 $11) 15... Ne5 16.
Bxe5 Bxa4 $11 17. Qe2 (17. O-O Rc8 (17... Bd6 {Ivanchuk} 18. Bxd6 Qxd6 19. Qe2
Nd7 20. Rfd1 Rfd8 $11) 18. Rxc8 Qxc8 19. Qe2 Bxb3 20. axb3 Qc5 $11) 17... Qb6
$2 (17... Bxb3 18. axb3 Qa5 19. f4 (19. Bf4 e5 20. Be3 Rfc8 (20... Qa2 21. Bc4
$14) 21. O-O Rxc1 22. Rxc1 Qa2 23. Qc2 Ng4 $11) 19... Qb6 (19... Nd7 20. Bd4
Nc5 21. Bc4 Rfd8 22. Rd1 Rd7 23. O-O Rad8 24. Qe3 Qb6 $11) 20. Bxf6 Bxf6 21. e5
$11) (17... Bb5 {Kortschnoj} 18. Bxb5 axb5 19. O-O $1 (19. Nd4 b3 20. Nc6 bxa2
$1) (19. Qxb5 {Kortschnoj} Nxe4 $11) (19. Ra1 Ra6 (19... Qb6 $5) 20. Qxb5 Qa8
21. f3 Rxa2 22. O-O $14) 19... Rxa2 20. Nd4 $16) 18. Bd4 Qb8 19. e5 $1 $14 Nd5
(19... Nd7 20. Qe4 (20. Be4 Bg5 $1 (20... Bb5 21. Qe3 $16) 21. Rd1 Bb5 (21...
Bxb3 22. axb3 $18) 22. Qh5 Nxe5 $15) 20... g6 21. h4 Rc8 22. h5 Bxb3 23. Rxc8+
Qxc8 24. axb3 Qc1+ 25. Ke2 Qxh1 26. Qxa8+ $16) 20. Qe4 g6 $8 21. h4 (21. Nc5 {
Ivanchuk} Rc8 22. O-O Bxc5 23. Rxc5 Rxc5 24. Bxc5 Bb5 $11) 21... Rc8 (21...
Bxb3 22. axb3 Rc8 23. Ra1 $1 $16) (21... Bb5 $5 {Ivanchuk}) (21... h5 $2 {
Kortschnoj} 22. g4 $1) 22. Kd2 $5 (22. O-O Rxc1 (22... Bxb3 23. axb3 Rxc1 24.
Rxc1 Qd8 25. h5 Bg5 26. Rc4 $16) 23. Rxc1 Qe8 24. Nc5 Bb5 25. h5 Bxd3 26. Nxd3
gxh5 27. Qf3 Qb5 28. Nf4 $14) (22. Rd1 $142 $1 {Ivanchuk} Bc6 (22... h5 23. g4
Bc6 24. Na5 $1 (24. gxh5 Nf6 $1 25. exf6 Bxe4 26. Bxe4 Bxf6 $1 27. Bxf6 Qf4 28.
Bxa8 Qxf6 $13) 24... Ba4 25. gxh5 Bxd1 26. Kxd1 $40) (22... Bxb3 $142 23. axb3
Bc5 24. h5 Bxd4 25. Qxd4 g5 26. g3 $14) 23. h5 $1 Nc3 24. Qg4 Nxd1 25. hxg6 $40
) 22... Bb5 (22... Rxc1 23. Kxc1 Qc7+ 24. Kb1 $14) 23. Bb1 $1 (23. Rxc8+ $2
Qxc8 24. h5 Bxd3 25. Qxd3 (25. Kxd3 g5 26. Rc1 Qb7 27. Kd2 Qb5 $17) 25... Nf4
26. Qe4 Nxh5 $17) 23... Rxc1 (23... Bc6 24. Qg4 (24. h5 $1 Bg5+ 25. Ke1 $1 Bxc1
26. hxg6 Bg5 27. gxf7+ Kxf7 28. Qh7+ Kf8 29. Bg6 Be8 30. Bc5+ $1 (30. Rxh6 Bxh6
31. Qxh6+ Ke7 32. Qh4+ Kd7 33. Nc5+ Rxc5 $19) 30... Rxc5 31. Qh8+ Ke7 32. Qg7+
Kd8 33. Nxc5 Nf4 (33... Ne7 34. Nxe6+ Kd7 35. Nxg5 Bxg6 (35... hxg5 36. Rh7 Qd8
37. Bf5+ $18) 36. Rxh6 Qe8 37. e6+ $16) 34. Nb7+ Kc8 35. Nd6+ Kd8 36. Bxe8 Qc7
37. Qxc7+ Kxc7 38. Bf7 (38. g3 Nd3+ 39. Ke2 Nxe5 $11) 38... Nd3+ 39. Ke2 Nxe5
40. Rd1 Be7 41. Ne8+ Kb6 42. Bh5 $14) 24... h5 25. Qg3 Be8 26. Be4 Qb5 $15) (
23... Rd8 {Ivanchuk} 24. Rhd1 {/\ Kd2-e1}) (23... a5 $1 {Ivanchuk} 24. g3 (24.
Rxc8+ Qxc8 25. Rc1 Qd8 26. Ke1 $5 (26. g3 a4 27. Nc5 Nc3 $1) 26... Bxh4 27. Nc5
$1 Rc8 $140 28. Rd1 Qe7 29. Nxe6 $1 $14) 24... a4 25. h5 (25. Nc5 Nc3 $1 $17)
25... axb3 26. hxg6 Rxc1 27. gxf7+ Kf8 $17) 24. Rxc1 Qd8 25. g3 (25. h5 Bg5+
$19) 25... Bf8 (25... h5 $142 {Ivanchuk}) 26. Ke1 (26. f4 h5 27. Ke1) 26... h5
27. Bc5 Rc8 (27... Bg7 28. f4 $14) (27... Bh6 $5 {Ivanchuk} 28. f4 (28. Rd1 Rc8
29. Bd6 $16) 28... Rc8 29. Bxb4 $2 Rxc1+ 30. Nxc1 Qb6 $132) 28. Bxf8 Rxc1+ 29.
Nxc1 Qxf8 30. Qd4 $14 Qb8 31. Nb3 (31. Be4 Qc7 32. Kd2 Nb6 33. f4 Nc4+ 34. Kd1
$14) 31... Qc7 (31... Ne7 {Ivanchuk} 32. Nc5 Nf5 $14 (32... Nc6 $2 33. Qd6 $1
$16)) 32. f4 a5 $6 {><a5} (32... Kf8 33. Qc5+ Qxc5 34. Nxc5 Ne3 35. Be4 $14)
33. Qc5 $1 $16 Qxc5 (33... Qb7 {Ivanchuk} 34. Be4 $16 (34. Nxa5 Qa6 $132)) 34.
Nxc5 Ne3 35. Be4 Kf8 36. Bf3 $1 Ke7 (36... a4 37. Kf2 Nf5 (37... Ng4+ 38. Bxg4
hxg4 39. Ke3 Ke7 40. Kd4 $18) (37... Nc4 38. Be2 $18) 38. Be4 Nd4 39. Nd3 (39.
Ke3 Ne2) 39... Bc6 (39... Bxd3 40. Bxd3 $16) 40. Bxc6 Nxc6 41. Nc5 a3 42. bxa3
bxa3 43. Nd3 Nd4 44. Ke3 $14) 37. Kf2 Nf5 38. Be4 (38. Nb7 {Ivanchuk} a4 39. a3
$1 $18 {><a4}) 38... Nd4 39. Nb7 (39. a3 $1 {Ivanchuk}) 39... a4 (39... Bc6 $1
{Ivanchuk} 40. Bxc6 (40. Ke3 Bxb7 $11) 40... Nxc6 41. Ke3 f6 $1 42. Ke4 $14)
40. Nd6 Ba6 41. a3 $5 {><a4} (41. Ke3 Ne2 42. Bc6 a3 43. bxa3 bxa3 44. Be8 Nxg3
45. Bxf7 Nf5+ 46. Nxf5+ gxf5 47. Bxh5 Bc4 $11) 41... bxa3 (41... b3 42. Bg2 (
42. Bb7 Bxb7 43. Nxb7 Nc2 44. Nc5 Nxa3 45. Nxa4 Nc4 46. Ke2 f6 47. Kd3 (47.
exf6+ Kxf6 48. Kd3 Nd6 49. Nc5 Kf5 50. Nxb3 Kg4 51. Nc5 Kxg3 52. Nxe6 Kxh4 $11)
47... Na5 48. Nc5 fxe5 49. fxe5 Nc6 50. Ke4 Na5 51. Kf4 Nc4 52. Nxb3 Nxb2 53.
Kg5 Kf7 54. Nc5 Nc4 55. Nxe6 Kxe6 56. Kxg6 Nxe5+ 57. Kxh5 Kf5 $11) 42... f6 43.
Be4 f5 44. Bg2 Nc2 45. Bc6 Nxa3 46. Bxa4 Nc4 47. Nxc4 Bxc4 48. Ke3 $18) 42.
bxa3 f6 $2 (42... f5 43. Ke3 Ne2 44. Bc6 Nxg3 45. Bxa4 Nf1+ 46. Kd4 Nd2 47. Bd1
$16) (42... Ne2 {Ivanchuk} 43. Bb7 $1 Bxb7 44. Kxe2 $18) (42... Kf8 {Kortschnoj
} 43. Ke3 Ne2 44. Bb7 Bxb7 45. Kxe2 Bc6 46. Kd3 Ke7 47. Kc4 f6 48. Kb4 fxe5 49.
fxe5 g5 50. Nb5 $18) 43. Ke3 Ne2 44. Bxg6 Nxg3 (44... fxe5 {Kortschnoj} 45.
fxe5 Nxg3 46. Bc2 Nf1+ 47. Kf4 Nd2 48. Bxa4 Nb1 49. Bb5 $18) 45. Ne4 Nf1+ (
45... Nxe4 46. Bxe4 $18) 46. Kf2 f5 (46... fxe5 47. fxe5 Bd3 48. Bxh5 Bxe4 49.
Kxf1 $18) 47. Nc5 Bc4 48. Nxa4 Nd2 49. Nc5 1-0

[Event "RUS-Cup9"]
[Site "Novgorod"]
[Date "1997.??.??"]
[Round "5"]
[White "Iskusnyh, Sergei"]
[Black "Kharitonov, Andrei Y"]
[Result "0-1"]
[WhiteElo "2440"]
[BlackElo "2520"]
[Annotator "Tsesarsky,I"]
[PlyCount "62"]
[EventDate "1997.06.11"]
[EventType "swiss"]
[EventRounds "9"]
[EventCountry "RUS"]
[SourceTitle "CBM 060"]
[Source "ChessBase"]
[SourceDate "1997.09.29"]
[SourceVersion "1"]
[SourceVersionDate "1997.09.29"]
[SourceQuality "1"]

1. Nf3 d5 2. d4 Nf6 3. c4 e6 4. Nc3 Be7 5. Qc2 O-O 6. Bg5 h6 (6... c5 $1 7.
dxc5 dxc4 8. e4 Qa5 $10) 7. Bxf6 Bxf6 8. Rd1 (8. e4 $5 dxe4 9. Qxe4 c5 10.
O-O-O Qa5 11. Bd3 Rd8 12. Qh7+ Kf8 13. Ne4 cxd4 14. Nxf6 $16 {Trifunovic,
P-Rossetto,H/Mar del Plata/1950/}) (8. O-O-O c5 (8... c6 9. e4 dxc4 (9... dxe4
10. Nxe4 Nd7 11. Nxf6+ Nxf6 12. Kb1 b6 13. Be2 Bb7 14. Rhe1 Qc7 15. Ne5 c5 {
1/2-1/2 Kalinichev,S-Tsarev,V/URS-chT Podolsk 1990}) 10. Bxc4 (10. h4 b5 11. e5
Be7 12. Ne4 Nd7 13. g4 f5 14. exf6 Nxf6 15. Neg5 Qd5 16. Bg2 hxg5 17. hxg5 Qe4
18. gxf6 Qxc2+ 19. Kxc2 gxf6 20. Rh6 Rf7 21. Rdh1 Rg7 22. g5 Kf7 23. R1h4 e5
24. dxe5 Bf5+ 25. Kc1 fxg5 26. e6+ Bxe6 27. Ne5+ Kf8 28. Rd4 Bc5 29. Rd2 Re7
30. Nxc6 Ree8 31. Nd4 Bxd4 32. Rxd4 Rab8 33. Bc6 Re7 34. Rh8+ Bg8 35. Kd2 Kg7
36. Rh5 Kg6 37. Rh1 Kf5 38. Rh6 Re6 39. Bd7 Ke5 40. Bxe6 Kxd4 41. Rh8 Rf8 {
1/2-1/2 Rust Lux,K-Heinsohn,T/RLNS 1989}) 10... b5 (10... Nd7 11. e5 Be7 12.
Qe4 Re8 13. h4 Nf8 14. Rh3 Bd7 15. Rg3 b5 16. Qg4 g6 17. Bd3 $16 {1-0 Libeau,
R-Olesen,M/Copenhagen 1995 (26)}) 11. Be2 Qb6 12. g4 Rd8 13. e5 Be7 14. g5 hxg5
15. Rhg1 Nd7 16. Nxg5 Nf8 17. Qe4 Bd7 18. Nxf7 Kxf7 19. Rxg7+ Kxg7 20. Rg1+ {
1-0 Eingorn,V-Pandavos,E/EU-chT Haifa 1989}) 9. dxc5 d4 10. Nxd4 Bxd4 11. e3
Bxe3+ 12. fxe3 Qg5 13. Qe4 Qxc5 $132 {1/2-1/2 Goldin,A-Pigusov,E/RUS-ch Elista
1996 (22)}) 8... c6 (8... c5 9. dxc5 (9. cxd5 cxd4 10. Nxd4 exd5 11. e3 Nc6 12.
Be2 Nxd4 13. exd4 Be6 $11 {0-1 Bosboom,M-Van Der Sterren,P/Nederland tt 1996 
(38)}) 9... Qa5 10. cxd5 (10. e3 dxc4 11. Bxc4 Qxc5 12. Ne4 Qb4+ 13. Rd2 Bxb2
14. O-O $44 {0-1 Romanishin,O-Stojanovic,M/II Open, Ubeda ESP 1997 (30)}) 10...
exd5 11. Qd2 (11. Rxd5 Na6 12. a3 Be6 13. Rd2 Nxc5 $44) (11. Nd4 Qxc5 12. e3
Nc6 13. Nxc6 bxc6 14. Bd3 $13) 11... Be6 (11... Bxc3 12. Qxc3 Qxc3+ 13. bxc3
Na6 $1 (13... Be6 $6 14. Nd4 $14 (14. e3 Nd7 $10)) 14. e3 Nxc5 15. Rxd5 b6 (
15... Ne4 $2 16. c4 $1 Be6 17. Rd4 Nc3 18. a3 $16) 16. Rd4 (16. c4 Ba6 $44)
16... Bb7 (16... Be6 $5 17. c4 Rfc8 18. Be2 Nb7 19. Nd2 Na5 $44) 17. Bc4 Rac8
18. O-O (18. Ne5 $2 {1/2-1/2 San Segundo,P-van der Sterren,P/Linares (zt) 1995
(40)}) 18... Ne4 19. Ne5 $1 $14) 12. Nxd5 Qxd2+ 13. Rxd2 Bxd5 14. Rxd5 Bxb2 15.
e3 Bc3+ 16. Kd1 Nc6 17. Bc4 Na5 $44 {Mikhalchishin,A-Yusupov,A/URS-FL
Ashkhabad/1978/1/2-1/2/27/}) (8... dxc4 9. e4 c5 10. e5 Be7 11. Bxc4 cxd4 12.
Rxd4 Qc7 13. Qe4 Nc6 $11 {1/2-1/2 Drasko,M-Jasnikowski,Z/Polanica Zdroj 1988 
(27)}) (8... Nc6 9. e3 b6 10. a3 Bb7 11. cxd5 exd5 12. Be2 Re8 13. O-O a6 14.
Ne1 Ne7 15. Nd3 Qd6 $11 {1/2-1/2 Romanishin,O-Arlandi,E/Reggio Emilia 1994 (27)
}) (8... g6 9. e3 c6 10. Bd3 dxc4 $6 (10... Nd7 $5) 11. Bxc4 Nd7 12. h4 Qe7 13.
a3 $1 $14 {1-0 Kramnik,V-Short,N/Dortmund 1995 (24)}) 9. e3 (9. e4 dxe4 (9...
b6 10. Bd3 dxe4 11. Bxe4 Bb7 12. O-O Nd7 13. b4 Qc7 14. Rfe1 Rfd8 15. a3 a5 16.
Qb3 $14 {Romanishin,O-Tarjan,J/Hastings/1976/1:0/36/}) 10. Qxe4 Qb6 11. Bd3 g6
12. Rd2 Nd7 13. O-O $1 $14 (13. h4 $5 Bg7 $13) (13. Qe3 $6 {1-0 Ornstein,
A-Forintos,G/Eksjo 1981 (37)})) 9... Nd7 10. a3 $146 (10. Bd3 Qe7 11. O-O dxc4
12. Bxc4 Nb6 13. Ne4 Nd7 (13... Nxc4 14. Qxc4 $14) 14. Bb3 g6 15. Nxf6+ Qxf6
16. e4 e5 17. Nxe5 Nxe5 18. dxe5 Qxe5 19. f4 $14 {1-0 Ibragimov,I-Ciric,D/
Biel-op MTO 1995 (48)}) 10... a6 11. Bd3 b5 $5 12. cxd5 (12. c5 e5 $5 $15)
12... cxd5 13. e4 $6 (13. O-O Bb7 14. Rc1 Rc8 15. b4 Nb6 16. Qb3 Nc4 17. a4 Qd7
$11) 13... dxe4 14. Bxe4 Rb8 15. O-O (15. d5 Bxc3+ 16. Qxc3 exd5 (16... Nf6 17.
dxe6 Qe7 $15) 17. Bxd5 (17. Rxd5 Bb7 18. Rd4 Re8 $17) 17... Re8+ 18. Kf1 Bb7
$15) 15... Nb6 (15... Bb7 16. Bxb7 Rxb7 17. d5 Bxc3 18. Qxc3 exd5 $11 (18...
Rc7 19. Qa5 $14)) 16. Qe2 $6 (16. d5 $1 Bxc3 $6 (16... exd5 17. Nxd5 Bb7 (17...
Nxd5 18. Bxd5 Qb6 $11) 18. Nxf6+ Qxf6 19. Bxb7 Rxb7 $11) 17. dxe6 $14) 16...
Bb7 $15 {[%csl Rd4]} 17. Bb1 $5 (17. Ne5 Nd5 $15) 17... Rc8 $5 (17... Bxf3 $6
18. Qxf3 Nc4 19. Qe2 (19. b4 Nxa3 20. Ne4 Nxb1 21. Nxf6+ Qxf6 22. Qxf6 gxf6 23.
Rxb1 Rfd8 $17) (19. Ne4 Nxb2 20. Nxf6+ Qxf6 $17) 19... Rc8 (19... g6 20. d5
exd5 (20... Bxc3 21. dxe6 Qf6 22. exf7+ Rxf7 23. bxc3 $14) 21. Rxd5 Qc7 $15)
20. d5 Nxb2 21. Qxb2 Rxc3 22. dxe6 $11) 18. Ne5 $5 (18. Ne4 $1 Be7 $15 (18...
Nc4 $2 19. Ne5 $1 Bxe5 (19... Bxe4 $2 20. Qxe4 g6 21. Nxg6 fxg6 22. Qxg6+ Bg7
23. Qxe6+ Kh8 24. Qg6 Kg8 25. Qh7+ Kf7 26. Bg6+ Kf6 27. Bh5 $18) 20. dxe5 Bd5
21. Nc3 $14)) 18... Qe7 19. Rd3 $5 (19. Ne4 $15) 19... Rfd8 20. Ne4 (20. Rdd1
Nc4 21. Qc2 g6 22. Ng4 Bxd4 23. Nxh6+ Kg7 24. Ng4 Nxa3 $19) 20... Bxe5 $1 (
20... Bxe4 21. Qxe4 Qd6 22. Ng4 $132) (20... Nc4 $5 21. Nxf6+ Qxf6 22. Rfd1 Qh4
23. f3 (23. Rh3 Qf4 $17) 23... Rd6 $15) 21. dxe5 Nc4 22. Rg3 $6 (22. f4 Rxd3
23. Bxd3 Qd8 $1 24. Nf2 (24. b4 Qd4+ 25. Kh1 Ne3 $19) (24. Bxc4 $8 Qd4+ 25. Kh1
Bxe4 (25... Rxc4 $2 26. Nd6 Rc7 $11) 26. Bb3 $15) 24... Qd4 25. Bxc4 Rxc4 $17)
22... Nxe5 $17 23. b4 (23. Re1 Qh4 $17 (23... Nd7 $17)) 23... Nd7 24. Qe3 (24.
Qh5 Kh8 25. Ng5 Rf8 $17) 24... f5 25. Nc3 (25. Nd2 Qf6 26. f4 Bd5 $17) 25...
Qf6 26. Qa7 (26. f4 $142 $5 Nf8 $17) 26... Rc7 27. Ne2 (27. Rd3 Rdc8 $19 (27...
Rxc3 28. Rxc3 Qxc3 29. Qxb7 Qc8 $17)) 27... Nf8 28. Qb6 (28. Rd3 Rxd3 29. Bxd3
e5 $17) 28... Rcd7 29. Nf4 (29. Rc3 $17) 29... Qd4 30. Qxd4 Rxd4 31. Nd3 $2 (
31. Rd3 e5 32. Rfd1 (32. Rxd4 Rxd4 33. Nd3 Nd7 $17)) 31... Be4 $1 (31... f4 32.
Rh3 f3 33. Ne1 fxg2 34. Nxg2 $17) 0-1